High speed local area networks : proceedings of the IFIP TC 6/WG 6.4 International Workshop on High Speed Local Area Networks (HSLAN), Aachen, Federal Republic of Germany, 16-17 February, 1987 /

Bibliographic Details
Corporate Authors: IFIP TC 6/WG 6.4 International Workshop on High Speed Local Area Networks Aachen, Germany, IFIP Working Group 6.4
Other Authors: Spaniol, Otto, 1945-, Danthine, A.
Format: Conference Proceeding Book
Language:English
Published: Amsterdam ; New York : North-Holland ; 1987.
Subjects:

MARC

Tag First Indicator Second Indicator Subfields
LEADER 00000cam a2200000 a 4500
001 in00000032373
005 20151007060510.0
008 870804s1987 ne a b 10110 eng
010 |a  87023269  
020 |a 0444703241 (U.S.) 
035 |a (OCoLC)16645299 
035 |9 AAC0995AM 
040 |a DLC  |c DLC  |d TXA  |d UtOrBLW 
049 |a TXAM  |c [A11508775] 
050 0 0 |a TK5105.7  |b .I37 1987 
082 0 |a 004.6/8  |2 19 
111 2 |a IFIP TC 6/WG 6.4 International Workshop on High Speed Local Area Networks  |d (1987 :  |c Aachen, Germany) 
245 1 0 |a High speed local area networks :  |b proceedings of the IFIP TC 6/WG 6.4 International Workshop on High Speed Local Area Networks (HSLAN), Aachen, Federal Republic of Germany, 16-17 February, 1987 /  |c edited by Otto Spaniol, André Danthine. 
264 1 |a Amsterdam ;  |a New York :  |b North-Holland ;  |c 1987. 
264 2 |a New York, N.Y., U.S.A. :  |b Sole distributors for the U.S.A. and Canada, Elsevier Science Pub. Co., 
300 |a xiii, 271 pages :  |b illustrations ;  |c 23 cm. 
336 |a text  |b txt  |2 rdacontent 
337 |a unmediated  |b n  |2 rdamedia 
338 |a volume  |b nc  |2 rdacarrier 
500 |a Sponsored by the IFIP WG 6.4. 
504 |a Includes bibliographies and index. 
650 0 |a Local area networks (Computer networks)  |v Congresses. 
700 1 |a Spaniol, Otto,  |d 1945- 
700 1 |a Danthine, A. 
710 2 |a IFIP Working Group 6.4. 
999 |a MARS 
999 f f |s 05166422-a103-31d6-ab4d-dd1fb10053c2  |i bc8efd25-9360-365b-ba8f-215601cb6504  |t 0 
952 f f |p ric  |a Texas A&M University  |b Rellis Campus  |c Joint Library Facility  |d Remote Storage  |t 0  |e TK5105.7 .I37 1987  |h Library of Congress classification  |i unmediated -- volume  |m A14811508775 
998 f f |a TK5105.7 .I37 1987  |t 0  |l Remote Storage